[Event "Gaprindashvili Cup Open II Stage 2020"]
[Site "Online"]
[Date "2020.11.08"]
[Round "9.3"]
[White "Lortkipanidze, Nodar"]
[Black "Quparadze, Giga"]
[Result "0-1"]
[WhiteElo "2416"]
[BlackElo "2463"]
[Annotator "TA"]
[PlyCount "100"]
[EventDate "2020.11.04"]
[EventType "swiss"]
[SourceTitle "playchess.com"]
[Source "ChessBase"]
[SourceQuality "1"]

{[%evp 11,100,32,42,0,16,7,28,0,8,-37,-27,-26,-46,-26,-29,-41,-32,-36,-43,-64,-70,-116,-94,-148,-137,-217,-144,-129,-156,-152,-140,-178,-137,-207,-81,-112,-53,-85,-88,-91,-91,-83,-81,-191,-202,-200,-166,-360,-373,-504,-499,-468,-221,-310,-276,-751,-441,-518,-522,-534,-315,-317,-333,-267,-191,-301,-304,-331,-333,-292,-286,-775,-763,-1612,-1602,-1362,-1340,-29967,-29962,-29965,-29969,-2714,-2407,-2389,-1385,-12261,-6125,-29993,-29994,-29996,-29986]} 1. e4 c5 2. c3 d5 3. exd5 Qxd5 4. d4 g6 5. Nf3 Bg7 6. Na3 cxd4 7. Bc4 {B06: Modern Defence.} (7. Nb5 $5 {[%cal Rb5c7]} Na6 8. Be2 $11 (8. Nbxd4 Nf6 $11)) 7... Qe4+ 8. Be3 {And now Nb5 would win.} Nh6 (8... dxe3 $2 9. Bxf7+ $1 {[%mdl 512]} Kxf7 10. Ng5+ Ke8 11. Nxe4 $18) 9. Bd3 {White has an edge.} ({Much weaker is} 9. Nxd4 Qxg2 10. Qf3 Qxf3 $17) 9... Qg4 10. h3 Qxg2 11. Rh2 {[#]} Qxh2 $1 {[%mdl 512]} 12. Nxh2 dxe3 13. fxe3 O-O 14. Qf3 Nc6 {[#]} 15. Be4 $146 ({Predecessor:} 15. Nc4 Be6 16. O-O-O Rac8 17. Qf1 b5 18. Nd2 Nb4 19. Bxb5 Nxa2+ 20. Kb1 Rb8 21. Kc2 {0-1 (35) Svetushkin,D (2460)-Hamdouchi,H (2555) Ubeda 1999}) 15... Ne5 16. Qg2 Nf5 17. Nf1 {[#]} (17. Nc2 $142) 17... Nd6 $1 $17 18. Bc2 (18. Ng3 $17) 18... Be6 19. O-O-O b5 ({Don't play} 19... Bxa2 $6 20. b3 $11) 20. Rxd6 exd6 21. Nxb5 Rab8 22. Nd4 (22. a4 $17) 22... Bc8 (22... Bxa2 $19 {and Black stays clearly on top. Threatens to win with ...a5.} 23. Nd2 a5) 23. h4 Bb7 (23... Re8 $17 24. Nd2 Ba6) 24. Qg3 h5 {Black converts the advantage convincingly.} 25. Nd2 Rbe8 26. Bb3 d5 27. Nb5 (27. Ba4 $17 {keeps fighting.}) 27... Ng4 $19 28. Qc7 Ba8 29. e4 $2 (29. Nd4 {is a better defense.}) 29... Be5 ({Don't do} 29... dxe4 30. Nd6 $19) 30. Qxa7 dxe4 {aiming for ...e3.} 31. Nc4 Bb8 (31... Bf4+ $142 32. Kb1 e3 33. Nxe3 Nxe3) 32. Qa6 (32. Qb6 $142) 32... Bf4+ 33. Kd1 $2 (33. Kb1) 33... Bd5 34. Ke2 Re6 35. Qa7 Ra8 36. Qc5 Rd8 37. Nd4 Ree8 38. Nd6 (38. Ba4 {was called for.} Bxc4+ 39. Qxc4) 38... Rxd6 39. Bxd5 Kg7 40. a4 Rf6 41. a5 $2 (41. Bc4) 41... Be3 {Strongly threatening ...Rf2+.} 42. a6 Rf2+ 43. Kd1 Rxb2 {( -> ...Nf2+)} 44. Qc7 Nf2+ 45. Ke1 Nd3+ 46. Kf1 Rf2+ 47. Kg1 Rf5+ 48. Kh1 Bxd4 49. Bxe4 Rxe4 50. cxd4 Rf2 {NOTEXT-5218: White=1.14/Black=0.40} 0-1

[Event "Gaprindashvili Cup Open II Stage 2020"]
[Site "Online"]
[Date "2020.11.08"]
[Round "9.4"]
[White "Nemsadze, Daviti"]
[Black "Jojua, Davit"]
[Result "0-1"]
[WhiteElo "1690"]
[BlackElo "2557"]
[Annotator "TA"]
[PlyCount "82"]
[EventDate "2020.11.04"]
[EventType "swiss"]
[SourceTitle "playchess.com"]
[Source "ChessBase"]
[SourceQuality "1"]

{[%evp 19,82,-25,-21,-27,-14,-21,-25,-26,-31,-56,-35,-39,-39,-27,-12,-12,16,20,7,12,41,37,32,44,49,42,81,83,75,82,175,53,42,40,50,51,44,38,75,52,201,193,509,178,149,65,32,0,0,-67,-62,-64,-72,-56,-75,-158,0,-119,0,0,0,0,0,0,0]} 1. Nf3 g6 2. d4 Nf6 3. c4 Bg7 4. g3 O-O 5. Bg2 d6 6. O-O Nc6 7. Nc3 a6 8. d5 Na5 9. Nd2 {9.b3 is the modern continuation.} c5 10. a3 Nd7 11. Qc2 {E66: King's Indian: Fianchetto: 6...c5 7 0-0 Nc6 8 d5.} Ne5 12. b3 {[%cal Bb2b3,Bb3b4][%mdl 32]} b5 $1 13. cxb5 {Black has an edge.} axb5 14. b4 Nb7 {[#]} 15. Bb2 $146 ({Predecessor:} 15. Nb3 Bf5 16. e4 Bg4 17. bxc5 dxc5 18. Nxb5 Nf3+ 19. Bxf3 Bxf3 20. Rb1 f5 21. Nd2 fxe4 {0-1 (30) Beikert,G (2432)-Lanka,Z (2469) Germany 2011}) 15... Bf5 16. Nce4 Rc8 17. Qb3 c4 18. Qa2 Qb6 19. Bc3 e6 20. dxe6 Bxe6 21. Rad1 d5 22. Qa1 $1 Qc7 23. f4 $1 dxe4 24. fxe5 Bg4 (24... Bd5 $16 {is a better defense.}) 25. Rde1 (25. Nxe4 $18 {And now e6 would win.} Bf5 26. Rd5) 25... Bf5 $14 26. Nxe4 Bxe4 27. Bxe4 Nd8 28. Rd1 Re8 {[%cal Rg7e5]} 29. Rd5 Nc6 ({Black should play} 29... Rb8 $14) 30. Rc5 $18 Qb6 $2 {[#]} (30... Qd7 {is tougher.} 31. Rxb5 Nxe5) 31. Kg2 $2 (31. e6 $1 {[%mdl 512]} f6 (31... Rxe6 32. Bxg7) 32. Bxf6 Nxb4 33. axb4 Rxc5 34. bxc5 Qxc5+ 35. Kg2) 31... Ne7 {[#]} 32. Rxc8 (32. a4 $1 $16) 32... Rxc8 $14 33. Rf3 Qe6 $1 34. Qd1 ({Better is} 34. a4 $11) 34... Bxe5 $15 35. Bb7 $1 {Threatens to win with Bxe5.} Rb8 36. Re3 f6 ({Wrong is} 36... Rxb7 $2 37. Qd8+ Kg7 38. Rxe5 $18) 37. Bxe5 (37. Bf3 $142) 37... fxe5 $2 (37... Rxb7 $17 38. Qd8+ Kf7) 38. Bf3 (38. Be4 $11 {was the only way to keep the balance.}) 38... Kg7 (38... Nf5 $17 39. Rc3 e4) 39. Qa1 $11 {The position is equal.} Nf5 40. Qxe5+ Qxe5 41. Rxe5 Rc8 $1 {[%mdl 32768] Av CentiPawn Loss W=-29/B=-30. Weighted=-25/-31. Loss on time!?} 0-1

[Event "Gaprindashvili Cup Open II Stage 2020"]
[Site "Online"]
[Date "2020.11.08"]
[Round "9.5"]
[White "Kacharava, Nikolozi"]
[Black "Akhvlediani, Irakli"]
[Result "1/2-1/2"]
[WhiteElo "2443"]
[BlackElo "2355"]
[Annotator "TA"]
[PlyCount "101"]
[EventDate "2020.11.04"]
[EventType "swiss"]
[SourceTitle "playchess.com"]
[Source "ChessBase"]
[SourceQuality "1"]

{[%evp 28,101,35,31,31,40,47,-46,-45,-39,38,0,0,0,0,0,0,0,34,32,36,33,23,16,15,23,52,56,58,57,87,85,85,64,85,66,85,0,0,0,0,0,112,148,158,151,154,156,139,127,87,8,10,0,0,0,0,0,0,0,0,0,0,0,0,0,0,0,0,0,0,0,0,0,0,0]} 1. e4 c5 2. Nf3 Nc6 3. d4 cxd4 4. Nxd4 g6 5. c4 Nf6 6. Nc3 d6 7. Be2 Nxd4 8. Qxd4 Bg7 9. Bg5 O-O 10. Qd2 Be6 11. Rc1 Qa5 12. b3 Rfc8 13. O-O a6 14. f4 b5 15. f5 gxf5 {B36: Sicilian: Maroczy Bind: Gurgenidze System.} 16. exf5 Bd7 17. Bh6 (17. Qe3 $14) 17... Bxh6 $1 $15 {Black is slightly better.} 18. Qxh6 Kh8 {[#]} (18... bxc4 $15 19. bxc4 (19. Bxc4 d5 $15) 19... Qe5) 19. Nd5 $146 ({Predecessor:} 19. Qe3 Qd8 20. Bf3 Rab8 21. Nd5 Nxd5 22. Bxd5 Qf8 23. Rce1 bxc4 24. Qxe7 Qxe7 25. Rxe7 {1-0 (31) Masic,L (2385)-Subasic,I (2285) Skender Vakuf (Knezevo) 1980}) 19... Nxd5 20. cxd5 {White wants to mate with f6.} Qb6+ 21. Kh1 Rxc1 $1 22. Qxc1 $40 {[%mdl 128] White mounts an attack.} f6 23. Qf4 Rc8 24. Qe4 Qd8 25. Bf3 Qf8 26. Re1 Re8 27. Bh5 Rc8 28. h3 Be8 29. Bxe8 Rxe8 $16 {[%mdl 4096] Endgame KQR-KQR} 30. Qe6 Kg7 31. Rc1 (31. b4 {keeps more tension.} Qf7 32. Qe4 Kf8 33. Rc1 Rd8 34. Rc7) 31... Qf7 32. Rc6 (32. Kh2 $16) 32... Qxe6 $11 33. fxe6 {KR-KR} Ra8 34. Rc7 Kf8 (34... Re8 $11 {keeps the balance.}) 35. Kh2 $16 Re8 36. Kg3 Kg7 {[#]} 37. Kf4 $1 Kg6 {[#]} 38. g4 $1 f5 39. g5 ({Better is} 39. gxf5+ $16 Kf6 40. Ra7) 39... h6 $1 $11 {[%cal Rh6g5] The position is equal.} 40. h4 hxg5+ 41. hxg5 Rh8 42. Rxe7 {Rd7 is the strong threat.} Rh4+ 43. Kg3 Rg4+ 44. Kf3 {aiming for Re8.} Rd4 $1 45. Re8 Rd3+ 46. Kf2 Rd2+ $1 47. Kf3 Rd3+ $1 48. Kf2 Rd2+ $1 49. Kf3 Rd3+ $1 50. Kf4 {Strongly threatening Rg8+.} Rd4+ 51. Kf3 {NOTEXT-5218: White=0.14/Black=0.12} 1/2-1/2

[Event "Gaprindashvili Cup Open II Stage 2020"]
[Site "Online"]
[Date "2020.11.08"]
[Round "9.6"]
[White "Bagaturov, Giorgi"]
[Black "Volkov, Nika"]
[Result "1/2-1/2"]
[WhiteElo "2431"]
[BlackElo "2084"]
[Annotator "TA"]
[PlyCount "40"]
[EventDate "2020.11.04"]
[EventType "swiss"]
[SourceTitle "playchess.com"]
[Source "ChessBase"]
[SourceQuality "1"]

{[%evp 19,20,41,33]} 1. d4 e6 2. Nf3 d5 3. c4 Nf6 4. Nc3 Be7 5. Bg5 O-O 6. e3 c5 7. cxd5 exd5 8. dxc5 Bxc5 9. Be2 Be6 10. O-O Nc6 {[#]} {Predecessor:} 11. Rc1 $146 {D32: Tarrasch Defence: Sidelines and lines without g3.} Be7 12. Nd4 Rc8 13. a3 Na5 14. Bd3 Nc4 15. Qe2 Qa5 16. Nxe6 fxe6 17. e4 Ne5 18. exd5 Nxd3 19. Qxd3 Nxd5 20. Bxe7 Nxe7 {1-0 (53) Zvjaginsev,V (2653)-Qashashvili,A (2378) Yerevan 2014} 1/2-1/2

[Event "Gaprindashvili Cup Open II Stage 2020"]
[Site "Online"]
[Date "2020.11.08"]
[Round "9.7"]
[White "Petriashvili, Nikoloz"]
[Black "Endeladze, Ramaz"]
[Result "0-1"]
[WhiteElo "2425"]
[BlackElo "1894"]
[Annotator "TA"]
[PlyCount "80"]
[EventDate "2020.11.04"]
[EventType "swiss"]
[SourceTitle "playchess.com"]
[Source "ChessBase"]
[SourceQuality "1"]

{[%evp 13,80,43,47,45,41,38,54,46,68,69,77,70,77,57,57,57,102,100,94,104,97,90,111,109,295,107,106,110,106,122,114,102,104,79,111,112,121,69,72,69,91,93,95,50,72,69,75,78,73,-10,2,-489,-477,-1339,-372,-372,-366,-328,-352,-1286,697,-1275,-1263,-1594,-1585,-29990,-29991,-29997,-29998]} 1. d4 Nf6 2. c4 g6 3. Nc3 Bg7 4. e4 d6 5. Be2 O-O 6. Be3 c5 7. d5 e6 8. Nf3 {E73: King's Indian: Averbakh Variation without 6...c5.} exd5 9. cxd5 Re8 10. Nd2 {White is slightly better.} a6 11. a4 $1 Nbd7 12. O-O Rb8 13. Bg5 h6 14. Bh4 {[#]} Qb6 $146 ({Predecessor:} 14... Qc7 15. Kh1 c4 16. Bxc4 Nc5 17. f3 Nfd7 18. Be2 Ne5 19. Qc2 g5 20. Bf2 Bd7 21. Rfc1 Ng6 {1-0 (31) Saljova,S (2212)-Decka,E (2106) Klatovy 1999}) 15. Nc4 Qc7 16. Bg3 $1 $36 {[%cal Rg3d6][%mdl 2048] Black is under strong pressure.} Bf8 17. Nd2 Ne5 18. h3 Qa5 $2 (18... c4 $16 {was worth a try.}) 19. Bxe5 $2 (19. f4 $18 {and the rest is easy.} Ned7 20. e5 $1 {[%mdl 512]}) 19... dxe5 $16 20. Nc4 Qd8 21. a5 Bd7 22. Qd2 Bb5 23. Ne3 Qd7 24. Bd3 Nh5 25. Nc4 (25. Ng4 $16) 25... Nf4 26. Qe3 Qe7 27. Kh2 h5 28. g3 Bh6 {White must now prevent ...Qd7!} 29. Qf3 Bd7 30. d6 Qd8 31. Nxe5 (31. gxf4 $16 Bxf4+ 32. Kg1) 31... Bxh3 32. Bc4 $2 {[%mdl 8192]} ({But not} 32. gxf4 Bxf1 33. Nd5 (33. Bxf1 $2 Qh4+ {[%mdl 64] Double Attack} 34. Kg2 Bxf4 $19) 33... Bxd3 $17) (32. Nc4 $1 $11 Bg2 33. Qe3 {[%mdl 64] Pin}) 32... Rxe5 $19 33. gxf4 (33. Bxf7+ $142 Kg7 34. Nd5 (34. gxf4 $2 Qh4 $19) 34... Nxd5 35. Bxd5 Rxd5 36. Kxh3 Rxd6 37. Qc3+ Kh7 38. Qxc5) 33... Bg4 $2 (33... Qh4 34. Bxf7+ Kg7 $1 {[%mdl 512]} 35. Qxh3 Bxf4+ 36. Kg2 Rg5+ {[%mdl 64] Discovered Attack} 37. Kf3 Qxh3+ 38. Ke2 Kxf7) 34. Qg3 {[#]} Bxf4 $1 {[%mdl 512]} 35. Qxf4 Qh4+ $1 36. Kg2 $2 {[#]} (36. Kg1 Rg5 37. Qxf7+ Kh8 38. Qf6+ Kh7 39. Qxg5 Qxg5 40. f4) 36... Qh3+ $1 37. Kg1 {[#]} Bf3 $3 {[%csl Gf3][%cal Rh3h1][%mdl 512]} 38. Bxf7+ Kh7 {[%csl Gf3][%cal Rh3h1]} 39. Bxg6+ Kxg6 {[%csl Gf3][%cal Rh3h1]} 40. Qg3+ {[#]} Rg5 $1 {[%mdl 576] Pin.  NOTEXT-5218: White=0.79/Black=0.22} 0-1

[Event "Gaprindashvili Cup Open II Stage 2020"]
[Site "Online"]
[Date "2020.11.08"]
[Round "9.8"]
[White "Qalichava, Akaki"]
[Black "Sulashvili, Malkhaz"]
[Result "1/2-1/2"]
[WhiteElo "1877"]
[BlackElo "2381"]
[Annotator "TA"]
[PlyCount "179"]
[EventDate "2020.11.04"]
[EventType "swiss"]
[SourceTitle "playchess.com"]
[Source "ChessBase"]
[SourceQuality "1"]

{[%evp 25,179,29,20,14,41,41,50,41,62,58,72,58,143,167,145,151,105,44,94,102,103,56,71,44,39,39,72,69,69,35,118,0,0,0,0,0,0,0,0,0,0,0,0,0,0,0,0,0,8,8,9,8,48,18,16,17,20,15,16,0,6,0,8,0,0,0,0,0,0,0,0,0,0,0,0,0,0,0,0,0,0,0,0,0,0,0,0,0,0,0,0,0,0,0,0,0,0,0,0,0,0,0,0,0,0,0,0,0,0,0,0,0,0,0,0,0,0,0,8,0,0,0,0,0,0,0,0,0,0,0,0,0,0,0,0,0,8,8,8,8,8,8,8,8,8,8,8,8,8,0,0,0,0,0,0,0]} 1. e4 c6 2. d4 d5 3. Nd2 dxe4 4. Nxe4 Bf5 5. Ng3 Bg6 6. h4 h6 7. Nf3 Nd7 8. h5 Bh7 9. Bd3 Bxd3 10. Qxd3 e6 11. Bd2 Qc7 12. O-O-O O-O-O 13. Ne4 Ngf6 14. Nxf6 {B19: Classical Caro-Kann: 4...Bf5 main line.} gxf6 (14... Nxf6 {keeps more tension.} 15. Qe2 Rd5 16. Kb1 Rxh5 17. Rxh5 Nxh5 18. Qe5 Nf6) 15. Qe2 f5 16. g3 {White is slightly better.} Bd6 {[#]} 17. c4 $146 ({Predecessor:} 17. Rhe1 Nf6 18. Ne5 Bxe5 19. dxe5 Ne4 20. Bf4 Qa5 21. a3 Qb5 22. Qe3 Rxd1+ 23. Rxd1 {1-0 (47) Vujakovic,B (2356)-Zovko,M (2295) Sibenik 2015}) 17... c5 18. Bc3 Rhg8 (18... Rhe8 $1 $14) 19. d5 $16 exd5 20. Rxd5 f4 21. gxf4 ({White should play} 21. g4 $16) 21... Bxf4+ 22. Kb1 Nb6 23. Rxd8+ Qxd8 24. Rd1 Qe8 $1 {[%cal Re8e2]} 25. Qd3 {[#] Black must now prevent Qf5+.} Qe6 26. b3 Bc7 27. Re1 (27. Qh7 $5 {[%cal Rh7g8]} Rf8 28. Bg7 $16) 27... Qd7 (27... Qh3 $1 $14) 28. Qe3 ({White should try} 28. Qh7 $16 Rg2 29. Ne5 Bxe5 30. Bxe5 Rxf2 31. Qxh6 Qd3+ 32. Ka1) 28... Qf5+ $11 29. Kb2 Qxh5 30. Ne5 Re8 31. Qxc5 f6 32. Nd3 Re2+ 33. Kc1 $1 Qxc5 34. Nxc5 Rxe1+ $1 35. Bxe1 {[%mdl 4096] Endgame KBN-KBN} Nd7 36. Ne4 f5 37. Ng3 Bxg3 38. fxg3 {KB-KN} Nf6 39. Kd2 Kd7 {The position is equal.} 40. Ke3 Ke6 41. Kf4 Nd7 42. Bc3 Nf8 43. Bd4 a6 44. Bc3 Ng6+ 45. Ke3 h5 46. Kf3 h4 47. gxh4 Nxh4+ 48. Ke3 Ng6 49. Kf3 Ne7 50. Kf4 Nc8 51. Bb4 Nb6 52. Bc5 Nd7 53. Bd4 Nb8 54. Bb2 Nc6 55. Bc3 Ne7 56. Bb2 Ng6+ 57. Ke3 Ne5 58. Bc3 Ng4+ 59. Kf3 Ne5+ 60. Ke3 Nd7 61. Bd4 {Cut Off at move 61} Nf8 62. Bb2 Ng6 63. Bc3 Kd6 64. Bd4 Nf8 65. Bc3 Ne6 66. Bb4+ Kd7 67. Ba3 Ke8 68. Bd6 Kf7 69. b4 Ke8 70. a3 Kd7 71. Be5 Nf8 72. Bd4 Ne6 73. Be5 b5 74. c5 Kc6 75. Bb2 Kd5 76. Bf6 Kc4 77. Be5 Kb3 78. c6 {[#] aiming for c7.} Kxa3 79. Bd6 Ka4 80. Kd2 Ka3 81. Kc3 {Strongly threatening c7.} f4 82. c7 Nxc7 $1 83. Bxc7 {KB-K3P} f3 {Threatens to win with ...f2.} 84. Bg3 Ka4 85. Be1 a5 86. bxa5 {White wants to mate with a6.} Kxa5 87. Kd3+ b4 88. Bxb4+ Kxb4 89. Ke3 f2 90. Kxf2 {NOTEXT-5218: White=0.09/Black=0.09} 1/2-1/2

[Event "Gaprindashvili Cup Open II Stage 2020"]
[Site "Online"]
[Date "2020.11.08"]
[Round "9.9"]
[White "Safarov, Deniel"]
[Black "Lomsadze, Davit"]
[Result "0-1"]
[WhiteElo "1720"]
[BlackElo "2303"]
[Annotator "TA"]
[PlyCount "62"]
[EventDate "2020.11.04"]
[EventType "swiss"]
[SourceTitle "playchess.com"]
[Source "ChessBase"]
[SourceQuality "1"]

{[%evp 13,62,20,66,45,40,-16,-8,-66,-58,-104,-43,-109,-101,-241,-212,-249,-248,-435,-405,-647,-643,-645,-665,-829,-822,-816,-804,-806,-566,-1487,-1486,-1260,-579,-553,-574,-746,-743,-2410,-2251,-1822,-1179,-1467,-1426,-1853,-887,-868,-861,-823,-828,-777,-715]} 1. e4 e5 2. Nf3 Nc6 3. Bb5 a6 4. Ba4 d6 5. O-O Bd7 6. d4 b5 7. Bb3 exd4 8. Ng5 {C72: Ruy Lopez: Deferred Steinitz: 5 0-0.} ({Weaker is} 8. Nxd4 Nxd4 9. Qxd4 c5 $17) 8... Nh6 {[#]} 9. c3 $146 (9. Bd5 $14) ({Predecessor:} 9. Bd5 Be7 10. Nf3 Bf6 11. Bxc6 Bxc6 12. Nxd4 Bd7 13. Nc3 Ng4 14. f4 c6 15. h3 Qb6 {½-½ (31) Matulovic,M (2460)-Vojinovic,G (2330) Becici 1993}) 9... Be7 $11 10. Qh5 ({Better is} 10. f4 $11) 10... O-O $15 11. f4 d3 (11... b4 $17 12. cxb4 Nxb4) 12. f5 (12. Qd1 $15) 12... Ne5 $17 13. g4 (13. h3 $17) 13... Be8 14. Kh1 Kh8 ({Worse is} 14... Nexg4 15. Rg1 $11) 15. Nh3 $2 (15. h3 {is a better defense.}) 15... Nhxg4 $19 16. Bf4 (16. Ng5 $142 Bxg5 17. Qxg5) 16... Nf6 {[%mdl 64] [#] Double Attack. Black is clearly winning.} 17. Qd1 Bc6 18. Ng5 Nxe4 19. Nxe4 Bxe4+ 20. Kg1 Bg5 {[#] Hoping for ...Bxf4.} 21. Qh5 Bxf4 22. Rxf4 d5 23. Nd2 g6 24. Qh6 {Strongly threatening f6.} gxf5 {White must now prevent ...Rg8+.} 25. Rh4 Rg8+ 26. Kf1 Rg7 27. Nxe4 fxe4 28. Rf4 Qg5 29. Qxg5 Rxg5 30. Bxd5 Rag8 {...e3 is the strong threat.} 31. Kf2 Ng4+ {White did not feel at home in the position after the opening.  NOTEXT-5218: White=1.31/Black=0.45} 0-1

[Event "Gaprindashvili Cup Open II Stage 2020"]
[Site "Online"]
[Date "2020.11.08"]
[Round "9.10"]
[White "Chighladze, Iveri"]
[Black "Kekelidze, Mikheil"]
[Result "1-0"]
[WhiteElo "2335"]
[BlackElo "2388"]
[Annotator "TA"]
[PlyCount "127"]
[EventDate "2020.11.04"]
[EventType "swiss"]
[SourceTitle "playchess.com"]
[Source "ChessBase"]
[SourceQuality "1"]

{[%evp 13,127,15,29,28,35,0,39,32,26,25,29,9,10,0,13,2,13,25,37,20,74,57,90,70,72,55,70,43,80,76,101,105,118,118,120,89,89,65,110,85,97,89,93,85,88,43,40,37,40,29,244,41,133,137,128,118,95,32,39,18,124,138,138,127,125,140,141,139,328,330,325,319,274,273,480,238,875,808,1036,1049,965,1037,1123,892,29974,29975,29977,29978,29985,29986,29986,29987,29987,29988,29988,29989,29989,29989,29990,29990,29990,29989,29990,29991,29992,29993,29994,29995,29995,29996,29996,29997,29997,29997,29998,29999]} 1. d4 Nf6 2. c4 e6 3. Nc3 Bb4 4. Qc2 O-O 5. a3 Bxc3+ 6. Qxc3 Qe8 7. g3 d6 8. Bg2 {E32: Nimzo-Indian: Classical (4 Qc2): 4...0-0.} e5 9. dxe5 (9. Nf3 $5 {[%cal Rd4e5]}) 9... dxe5 10. Nf3 {White is slightly better.} Nc6 11. b4 Ne4 {[#]} 12. Qe3 $146 ({Predecessor:} 12. Qc2 Nd6 13. Bb2 f6 14. c5 Nf7 15. O-O Be6 16. Nh4 Qc8 17. f4 exf4 18. gxf4 {1-0 (44) Golichenko,I (2417)-Piorun,K (2489) Wroclaw 2010}) 12... Nd6 $1 13. Qc3 f6 14. b5 Ne7 15. a4 Be6 16. Nd2 Qf7 (16... Qc8 $11 {remains equal.}) 17. Ba3 Rad8 18. O-O b6 19. Rac1 Rfe8 20. Rfd1 (20. c5 $5 {[%cal Rc5d6]} Ndf5 21. e3 $14) 20... Ndf5 21. e3 Rd7 22. Qc2 Red8 23. c5 Re8 24. c6 Rdd8 25. Qb2 h5 26. Nb1 h4 27. Nc3 hxg3 28. hxg3 Qh5 29. Qe2 Qxe2 30. Nxe2 Kf7 $1 31. Bh3 Nc8 $2 {[#]} (31... Bd5 $11 {and Black stays safe.}) 32. e4 $2 (32. Rd7+ $1 $18 Kg6 33. Rxc7) 32... Nfd6 ({Black should play} 32... Nd4 $14 33. Bxe6+ Kxe6) 33. Bxe6+ $16 Kxe6 34. f3 f5 35. exf5+ (35. Nc3 $16 {Black must now prevent Nd5.} Ne7 36. Bxd6 Rxd6 37. Rxd6+ cxd6 38. Kf2) 35... Nxf5 $14 36. Kf2 $36 {[%mdl 2048] White has good play.} Ncd6 {White leaves nothing to chance now.} (36... Rh8 $11 37. Rxd8 Rxd8) 37. g4 $16 Ne7 38. Bxd6 Rxd6 39. Rxd6+ cxd6 {[%mdl 4096] Endgame KRN-KRN} 40. f4 Nd5 $2 (40... g6 $16) 41. f5+ $18 Ke7 42. Rd1 Nc7 43. Nc3 a6 $2 (43... Rd8 {might work better.} 44. Re1 Kf6) 44. Kg3 (44. bxa6 $142 Nxa6 45. Rb1) 44... axb5 $2 (44... Ra8 45. a5 Rb8) 45. Nxb5 Nxb5 46. axb5 {KR-KR} Ra8 47. g5 Ra5 48. Rc1 {Threatens to win with c7.} Kd8 49. f6 {White mates.} gxf6 50. gxf6 Ra8 51. c7+ Kd7 {[#]} 52. c8=Q+ $1 {[%mdl 512]} Rxc8 53. Rxc8 {KR-K3P} Ke6 54. Rc6 Kxf6 55. Rxd6+ Kf5 56. Rxb6 {KR-KP} e4 57. Rb8 Ke5 58. b6 Kd6 59. Rc8 Kd7 60. b7 e3 61. b8=Q e2 62. Qb7+ Kd6 63. Qc6+ Ke7 64. Rc7+ {NOTEXT-5218: White=0.22/Black=0.41} 1-0

[Event "Gaprindashvili Cup Open II Stage 2020"]
[Site "Online"]
[Date "2020.11.08"]
[Round "9.11"]
[White "kiladze, Luka"]
[Black "Morchiashvili, Bachana"]
[Result "0-1"]
[WhiteElo "1786"]
[BlackElo "2313"]
[Annotator "TA"]
[PlyCount "76"]
[EventDate "2020.11.04"]
[EventType "swiss"]
[SourceTitle "playchess.com"]
[Source "ChessBase"]
[SourceQuality "1"]

{[%evp 27,76,61,64,57,78,77,108,46,54,47,49,41,29,10,50,0,0,-124,-140,-127,-128,-87,-81,-104,-16,-118,-97,-121,-30,-32,-37,-289,-298,-445,-437,-548,-555,-777,-772,-764,-747,-686,-498,-531,-510,-812,-787,-1443,-1385,-2572,-2226]} 1. d4 Nf6 2. c4 g6 3. Nf3 Bg7 4. g3 O-O 5. Bg2 d6 6. O-O Nbd7 7. Nc3 e5 8. e4 c6 9. Re1 Qb6 10. h3 exd4 11. Nxd4 Ng4 12. Nce2 Nge5 13. b3 Nc5 14. Be3 a5 15. Rb1 {E69: King's Indian: Fianchetto: 6...Nbd7 7 0-0 e5 8 e4 c6 9 h3.} Re8 16. Nc3 Qb4 {[#]} 17. Qc2 (17. Ndb5 $1 $16 {[%mdl 512] aiming for a3.} cxb5 18. Nxb5) 17... a4 $14 {[#]} 18. f4 $146 ({Predecessor:} 18. Red1 axb3 19. axb3 Ned7 20. Bd2 Qb6 21. Nde2 Ne5 22. Be3 Qb4 23. f4 Ned7 24. Bf2 {½-½ (91) Mahjoob,M (2519)-Vasli,A (2121) Tabriz 2011}) 18... Ned7 19. Kh2 axb3 20. axb3 h5 21. Nce2 Nf6 {[%cal Rc5e4]} 22. Bd2 (22. Nc3 $1 $11 {was the only way to keep the balance.}) 22... Qb6 $17 {[%cal Rc5e4]} 23. Nc3 {[#]} h4 $1 {[%mdl 512]} 24. gxh4 Nh5 25. Nf3 Ne6 (25... Ra3 $17 {[%cal Ra3b3]} 26. Be3 Qd8) 26. Be3 {[#]} (26. Ne2 $1 $11) 26... Qc7 $1 $36 {[%mdl 3072] Black has strong compensation. Black has strong initiative.} 27. Ne2 Ra3 (27... Nc5 $17 28. Nd2 Ra3) 28. Ng5 Qa5 29. Bf3 $2 {[%mdl 8192] This costs White the game.} (29. Qc1 $15) 29... Ra2 $19 30. Qc1 {[#]} (30. b4 {was the only defense.} Rxc2 31. bxa5 Nexf4 32. Kg1) 30... Nexf4 $1 {[%mdl 512] Black is clearly winning.} 31. Kg1 ({Much worse is} 31. Bxf4 Nxf4 32. Qe3 (32. Qxf4 $2 Be5 $19) 32... Nxe2 $19) 31... Nd3 32. b4 Qe5 33. Qd1 Nxe1 34. Qxe1 d5 35. Bxh5 gxh5 36. Qf2 (36. cxd5 $142 cxd5 37. Qd1) 36... f6 37. Nf3 Qxe4 {[%mdl 64] Double Attack} 38. Nc3 Qg6+ {NOTEXT-5218: White=1.01/Black=0.26} 0-1